[Event "Mittelrhein Regionalliga 1920"]
[Site "Mittelrhein"]
[Date "2019.09.29"]
[Round "1.4"]
[White "Reichelt, Frank"]
[Black "Weisshuhn, Gunnar"]
[Result "0-1"]
[WhiteElo "1968"]
[BlackElo "1995"]
[PlyCount "38"]
[EventDate "2019.09.29"]
[EventType "team-tourn"]
[EventRounds "9"]
[EventCountry "GER"]
[SourceTitle "EXT 2023"]
[Source "ChessBase"]
[SourceDate "2022.10.05"]
[SourceVersion "1"]
[SourceVersionDate "2022.10.05"]
[SourceQuality "1"]
[WhiteTeam "Koeln Ford SF"]
[BlackTeam "Euskirchen Turm"]
[WhiteTeamCountry "GER"]
[BlackTeamCountry "GER"]

1. d4 Nf6 2. Bf4 e6 3. Nc3 d5 4. e3 Be7 5. Nf3 0-0 6. Bd3 b6 7. Ne5 Bb7 8. g4 Ne4 9. Nxe4 dxe4 10. Bf1 Na6 11. Nc4 c5 12. dxc5 Nxc5 13. Qxd8 Rfxd8 14. Nd2 Bf6 15. 0-0-0 g5 16. Bg3 Rac8 17. Nc4 Nd3+ 18. cxd3 exd3 19. Bxd3 Bxh1 0-1

[Event "Mittelrhein Regionalliga 18/19"]
[Site "Nordrheinwestfalen"]
[Date "2019.05.05"]
[Round "10.6"]
[White "Reichelt, Frank"]
[Black "Weisshuhn, Gunnar"]
[Result "1/2-1/2"]
[WhiteElo "1957"]
[BlackElo "2004"]
[PlyCount "35"]
[EventDate "2018.10.28"]
[EventType "team-tourn"]
[EventRounds "11"]
[EventCountry "GER"]
[SourceTitle "EXT 2022"]
[Source "ChessBase"]
[SourceDate "2021.10.06"]
[SourceVersion "1"]
[SourceVersionDate "2021.10.06"]
[SourceQuality "1"]
[WhiteTeam "Koeln Ford SF"]
[BlackTeam "Euskirchen Turm"]
[WhiteTeamCountry "GER"]
[BlackTeamCountry "GER"]

1. d4 Nf6 2. Nc3 d5 3. Bf4 c6 4. e3 Bf5 5. f3 e6 6. g4 Bg6 7. h4 h6 8. Bd3 Bxd3 9. Qxd3 Bd6 10. Nge2 Na6 11. a3 Qe7 12. Bxd6 Qxd6 13. 0-0-0 0-0-0 14. e4 dxe4 15. Nxe4 Nxe4 16. Qxe4 Nc7 17. f4 Qd5 18. Qxd5 1/2-1/2

[Event "Mittelrhein Regionalliga 18/19"]
[Site "Nordrheinwestfalen"]
[Date "2018.09.30"]
[Round "2.5"]
[White "Reichelt, Frank"]
[Black "Huelsmann, Josef"]
[Result "0-1"]
[WhiteElo "1957"]
[BlackElo "2098"]
[PlyCount "86"]
[EventDate "2018.10.28"]
[EventType "team-tourn"]
[EventRounds "11"]
[EventCountry "GER"]
[SourceTitle "EXT 2022"]
[Source "ChessBase"]
[SourceDate "2021.10.06"]
[SourceVersion "1"]
[SourceVersionDate "2021.10.06"]
[SourceQuality "1"]
[WhiteTeam "Koeln Ford SF"]
[BlackTeam "Langenfeld"]
[WhiteTeamCountry "GER"]
[BlackTeamCountry "GER"]

1. Nf3 d5 2. g3 c6 3. Bg2 Bg4 4. d3 Nd7 5. c3 Ngf6 6. Qc2 e5 7. Nbd2 h6 8. 0-0 Bd6 9. e4 0-0 10. Re1 Re8 11. Nf1 dxe4 12. dxe4 Bc5 13. b4 Bb6 14. Be3 a5 15. a3 Qc7 16. Bxb6 Nxb6 17. Ne3 Be6 18. Bf1 Ng4 19. Nxg4 Bxg4 20. Be2 Bxf3 21. Bxf3 Nc4 22. Be2 Nd6 23. Kg2 c5 24. b5 Rad8 25. Red1 Nc8 26. Bg4 Nb6 27. Be2 Re6 28. Rxd8+ Qxd8 29. Rd1 Rd6 30. Rxd6 Qxd6 31. Bf1 c4 32. Qa2 Qc7 33. Be2 Kf8 34. h4 a4 35. Kf1 Ke7 36. Kg2 Kd8 37. Qb2 Qc5 38. h5 Kc7 39. Kg1 Nc8 40. Qb4 Qxb4 41. cxb4 c3 42. Bd1 Nd6 43. Bxa4 Nxb5 0-1

[Event "Mittelrhein Regionalliga 18/19"]
[Site "Nordrheinwestfalen"]
[Date "2018.09.02"]
[Round "1.5"]
[White "Peters, Alex"]
[Black "Reichelt, Frank"]
[Result "0-1"]
[WhiteElo "2141"]
[BlackElo "1957"]
[PlyCount "112"]
[EventDate "2018.10.28"]
[EventType "team-tourn"]
[EventRounds "11"]
[EventCountry "GER"]
[SourceTitle "EXT 2022"]
[Source "ChessBase"]
[SourceDate "2021.10.06"]
[SourceVersion "1"]
[SourceVersionDate "2021.10.06"]
[SourceQuality "1"]
[WhiteTeam "Bruehl"]
[BlackTeam "Koeln Ford SF"]
[WhiteTeamCountry "GER"]
[BlackTeamCountry "GER"]

1. Nf3 d6 2. d4 Nf6 3. Bg5 Nbd7 4. e3 c6 5. c3 Qc7 6. Nbd2 e5 7. Qc2 Be7 8. Bd3 0-0 9. Bxh7+ Nxh7 10. Bxe7 Re8 11. Bh4 Ndf8 12. dxe5 dxe5 13. Bg3 f6 14. h3 Be6 15. 0-0 Rad8 16. Rfd1 Qf7 17. b3 Qh5 18. Nf1 Bxh3 19. Qe4 Bf5 20. Qc4+ Be6 21. Qc5 Rxd1 22. Rxd1 Ng5 23. Rd2 Ne4 24. Qxa7 Nxd2 25. N1xd2 Qf7 26. Qb6 Ra8 27. a4 Qe7 28. e4 Ra6 29. Qe3 b5 30. axb5 cxb5 31. Ne1 Ra1 32. f3 Nd7 33. Bf2 Qd6 34. Kh2 Ra2 35. Nd3 Ra3 36. Nc1 Ra1 37. Nd3 g5 38. Nb2 Qe7 39. Be1 Qa3 40. Nd3 Bxb3 41. f4 exf4 42. Qd4 Be6 43. Nf3 Qe7 44. c4 Ra4 45. Nb2 Ra2 46. cxb5 Qh7+ 47. Kg1 g4 48. Nh4 Ra1 49. Nd1 Rc1 50. b6 Rc4 51. Qd6 Rxe4 52. Bf2 g3 53. Nf3 Bg4 54. b7 Re8 55. Bxg3 Bxf3 56. Bxf4 Bxb7 0-1

[Event "Mittelrhein Verbandsliga-M 16/17"]
[Site "Nordrheinwestfalen"]
[Date "2017.04.09"]
[Round "10.4"]
[White "Reichelt, Frank"]
[Black "Niederreuther, Mark Niels"]
[Result "1/2-1/2"]
[WhiteElo "1969"]
[BlackElo "1903"]
[PlyCount "24"]
[EventDate "2016.09.11"]
[EventType "team-tourn"]
[EventRounds "11"]
[EventCountry "GER"]
[SourceTitle "EXT 2022"]
[Source "ChessBase"]
[SourceDate "2021.10.06"]
[SourceVersion "1"]
[SourceVersionDate "2021.10.06"]
[SourceQuality "1"]
[WhiteTeam "Koeln Ford SF"]
[BlackTeam "Gruenfeld"]
[WhiteTeamCountry "GER"]
[BlackTeamCountry "GER"]

1. e4 d6 2. d4 Nf6 3. Nc3 g6 4. f3 Bg7 5. Be3 0-0 6. Qd2 c6 7. g4 e5 8. h4 h5 9. g5 Ne8 10. 0-0-0 exd4 11. Bxd4 Bxd4 12. Qxd4 Qb6 1/2-1/2

[Event "Mittelrhein Verbandsliga-M 16/17"]
[Site "Nordrheinwestfalen"]
[Date "2017.03.19"]
[Round "9.6"]
[White "Reichelt, Frank"]
[Black "Parshykov, Edgar"]
[Result "1-0"]
[WhiteElo "1969"]
[BlackElo "1689"]
[PlyCount "86"]
[EventDate "2016.09.11"]
[EventType "team-tourn"]
[EventRounds "11"]
[EventCountry "GER"]
[SourceTitle "EXT 2022"]
[Source "ChessBase"]
[SourceDate "2021.10.06"]
[SourceVersion "1"]
[SourceVersionDate "2021.10.06"]
[SourceQuality "1"]
[WhiteTeam "Koeln Ford SF"]
[BlackTeam "Porz SG V"]
[WhiteTeamCountry "GER"]
[BlackTeamCountry "GER"]

1. e4 c6 2. d4 d5 3. Nc3 g6 4. e5 Bg7 5. f4 e6 6. Nf3 Ne7 7. Be3 Nd7 8. Qd2 b6 9. Be2 Bb7 10. 0-0 0-0 11. a4 a6 12. Na2 c5 13. c3 Nc6 14. b4 c4 15. Bd1 b5 16. a5 Bc8 17. Bc2 f6 18. Nc1 fxe5 19. dxe5 Bh6 20. Ne2 Rf7 21. Nfd4 Nxd4 22. Nxd4 Qe7 23. Bd1 Nb8 24. g3 Bd7 25. Qg2 Nc6 26. Nxc6 Bxc6 27. Qh3 Bf8 28. Bc2 Qd7 29. Bd4 Be7 30. Bd1 Qc8 31. Ra2 Bd8 32. Raf2 Bc7 33. g4 Bd7 34. Bc2 Bb8 35. f5 gxf5 36. gxf5 Ba7 37. f6 Bxd4 38. cxd4 Kh8 39. Rg2 Qf8 40. Rf4 Ra7 41. Rfg4 Bc6 42. Qg3 Ra8 43. Rg7 Rc8 1-0

[Event "Mittelrhein Verbandsliga-M 16/17"]
[Site "Nordrheinwestfalen"]
[Date "2016.10.02"]
[Round "2.3"]
[White "Reichelt, Frank"]
[Black "Schipp, Cyrill"]
[Result "0-1"]
[WhiteElo "1969"]
[BlackElo "2040"]
[PlyCount "98"]
[EventDate "2016.09.11"]
[EventType "team-tourn"]
[EventRounds "11"]
[EventCountry "GER"]
[SourceTitle "EXT 2022"]
[Source "ChessBase"]
[SourceDate "2021.10.06"]
[SourceVersion "1"]
[SourceVersionDate "2021.10.06"]
[SourceQuality "1"]
[WhiteTeam "Koeln Ford SF"]
[BlackTeam "Langenfeld II"]
[WhiteTeamCountry "GER"]
[BlackTeamCountry "GER"]

1. e4 c5 2. Nf3 e6 3. d4 cxd4 4. Nxd4 a6 5. Bd3 Qb6 6. Nb3 Qc7 7. c4 d6 8. Nc3 Nf6 9. Be3 Nbd7 10. Rc1 b6 11. 0-0 Bb7 12. f3 Be7 13. Qd2 0-0 14. Rfd1 Rac8 15. Qf2 Bd8 16. Bf1 Qb8 17. Nd4 Bc7 18. g4 Ne5 19. g5 Nfd7 20. b3 Rce8 21. Be2 f6 22. Qg2 fxg5 23. Bxg5 Ng6 24. Kh1 Nf6 25. Rg1 Nh5 26. Rcf1 Nhf4 27. Bxf4 Rxf4 28. Bd1 d5 29. cxd5 exd5 30. Nde2 Rh4 31. f4 dxe4 32. b4 Bxf4 33. Nxf4 Rxf4 34. Rxf4 Qxf4 35. Bb3+ Kh8 36. Nd5 Qe5 37. Ne3 Nh4 38. Qh3 Nf3 39. Rd1 Bc8 40. Qg2 Be6 41. Bxe6 Qxe6 42. Qf2 h6 43. Qg2 Qf6 44. Qc2 Qf4 45. Qf2 Re5 46. Rd8+ Kh7 47. Rd5 Rxd5 48. Nxd5 Qc1+ 49. Kg2 Qg5+ 0-1

[Event "Mittelrhein Regionalliga 1415"]
[Site "Mittelrhein"]
[Date "2015.03.15"]
[Round "8.6"]
[White "Kirchner, Gerd"]
[Black "Reichelt, Frank"]
[Result "1-0"]
[WhiteElo "1959"]
[BlackElo "1970"]
[PlyCount "111"]
[EventDate "2014.09.28"]
[EventType "team-tourn"]
[EventRounds "9"]
[EventCountry "GER"]
[SourceTitle "EXT 2023"]
[Source "ChessBase"]
[SourceDate "2022.10.05"]
[SourceVersion "1"]
[SourceVersionDate "2022.10.05"]
[SourceQuality "1"]
[WhiteTeam "Horrem"]
[BlackTeam "Koeln Ford SF"]
[WhiteTeamCountry "GER"]
[BlackTeamCountry "GER"]

1. d4 Nf6 2. c4 g6 3. Nc3 Bg7 4. e4 d6 5. Be2 0-0 6. Bg5 h6 7. Be3 c6 8. Qd2 Kh7 9. f3 Nbd7 10. g4 b5 11. cxb5 cxb5 12. Bxb5 Rb8 13. Nge2 Qa5 14. Bd3 e5 15. 0-0 exd4 16. Nxd4 Ne5 17. Nb3 Rxb3 18. axb3 Qxa1 19. Rxa1 Nxf3+ 20. Kg2 Nxd2 21. Bxd2 Nxg4 22. Rxa7 Ne5 23. Bc2 Be6 24. b4 Nc6 25. Rb7 Nd4 26. Bd3 Nb3 27. Be1 Rd8 28. Bc2 Nd4 29. Ba4 Kg8 30. Bf2 f5 31. Rxg7+ Kxg7 32. Bxd4+ Kf7 33. Bc6 fxe4 34. Nxe4 Bd7 35. Bd5+ Be6 36. Bb7 Bf5 37. Ng3 Bd3 38. Bd5+ Ke7 39. Kf3 Rb8 40. Ke3 Ba6 41. Bc3 Kd7 42. Ne4 Rf8 43. Nd2 g5 44. Nf3 g4 45. Nd4 Kc8 46. Be6+ Kc7 47. Bxg4 Re8+ 48. Kf4 Bd3 49. Bf3 Kb6 50. Nf5 Rf8 51. Be4 Bxe4 52. Kxe4 d5+ 53. Ke5 Kb5 54. Nd4+ Kc4 55. b5 Rc8 56. Kd6 1-0

[Event "Mittelrhein Regionalliga 1415"]
[Site "Mittelrhein"]
[Date "2015.02.22"]
[Round "7.5"]
[White "Mueller Boge, Michael"]
[Black "Reichelt, Frank"]
[Result "1-0"]
[WhiteElo "2002"]
[BlackElo "1970"]
[PlyCount "87"]
[EventDate "2014.09.28"]
[EventType "team-tourn"]
[EventRounds "9"]
[EventCountry "GER"]
[SourceTitle "EXT 2023"]
[Source "ChessBase"]
[SourceDate "2022.10.05"]
[SourceVersion "1"]
[SourceVersionDate "2022.10.05"]
[SourceQuality "1"]
[WhiteTeam "Godesberg III"]
[BlackTeam "Koeln Ford SF"]
[WhiteTeamCountry "GER"]
[BlackTeamCountry "GER"]

1. e4 g6 2. d4 Bg7 3. Nc3 d6 4. f4 c6 5. Nf3 b5 6. Bd3 Bg4 7. Be3 b4 8. Nb1 Qb6 9. Nbd2 d5 10. e5 Nh6 11. h3 Bf5 12. Be2 Na6 13. g4 Bd7 14. Nb3 e6 15. Qd2 Ng8 16. Bxa6 Qxa6 17. Qxb4 Bf8 18. Nc5 Bxc5 19. Qxc5 Rb8 20. b3 Ne7 21. a4 h5 22. Kd2 Qb7 23. Bf2 Qb4+ 24. Qxb4 Rxb4 25. Bh4 Rh7 26. Ke3 c5 27. Be1 cxd4+ 28. Nxd4 Rb7 29. Bh4 a6 30. Bf6 Nc6 31. Nf3 Kf8 32. Kd2 Rb4 33. Bg5 Re4 34. Rae1 Rxe1 35. Rxe1 hxg4 36. hxg4 Rh3 37. Ke2 Bc8 38. c3 Bb7 39. b4 Ke8 40. Rb1 Kd7 41. Kf2 Kc7 42. Bh4 Nxe5 43. fxe5 d4 44. Bg3 1-0

[Event "Mittelrhein Regionalliga 1415"]
[Site "Mittelrhein"]
[Date "2014.09.28"]
[Round "1.6"]
[White "Boening, Christoph"]
[Black "Reichelt, Frank"]
[Result "1/2-1/2"]
[WhiteElo "1979"]
[BlackElo "1970"]
[PlyCount "36"]
[EventDate "2014.09.28"]
[EventType "team-tourn"]
[EventRounds "9"]
[EventCountry "GER"]
[SourceTitle "EXT 2023"]
[Source "ChessBase"]
[SourceDate "2022.10.05"]
[SourceVersion "1"]
[SourceVersionDate "2022.10.05"]
[SourceQuality "1"]
[WhiteTeam "Bonn Beuel"]
[BlackTeam "Koeln Ford SF"]
[WhiteTeamCountry "GER"]
[BlackTeamCountry "GER"]

1. d4 Nf6 2. Nf3 g6 3. g3 Bg7 4. Bg2 0-0 5. 0-0 d6 6. Re1 c6 7. Nbd2 Qc7 8. e4 e5 9. dxe5 dxe5 10. c3 h6 11. Qc2 Be6 12. Nb3 Nbd7 13. Be3 b6 14. Rad1 a5 15. Nh4 a4 16. Nc1 Rfd8 17. f3 Bf8 18. Bf1 Bc5 1/2-1/2

[Event "Mittelrhein Regionalliga 1314"]
[Site "Mittelrhein"]
[Date "2014.04.06"]
[Round "9.6"]
[White "Reichelt, Frank"]
[Black "Gerdell, Frank"]
[Result "1/2-1/2"]
[WhiteElo "1946"]
[BlackElo "2032"]
[PlyCount "70"]
[EventDate "2013.09.15"]
[EventType "team-tourn"]
[EventRounds "11"]
[EventCountry "GER"]
[SourceTitle "EXT 2023"]
[Source "ChessBase"]
[SourceDate "2022.10.05"]
[SourceVersion "1"]
[SourceVersionDate "2022.10.05"]
[SourceQuality "1"]
[WhiteTeam "Koeln Ford SF"]
[BlackTeam "Gruenfeld"]
[WhiteTeamCountry "GER"]
[BlackTeamCountry "GER"]

1. e4 d6 2. d4 Nf6 3. Nc3 g6 4. f3 Bg7 5. Be3 0-0 6. Qd2 e5 7. d5 Nbd7 8. 0-0-0 a6 9. g4 h5 10. Bg5 Qe8 11. h4 b5 12. a3 b4 13. axb4 Rb8 14. Bd3 Rxb4 15. Nge2 hxg4 16. Ng3 Nh7 17. Bh6 f6 18. Bxg7 Kxg7 19. fxg4 Nc5 20. g5 Bg4 21. h5 Nxg5 22. hxg6 Qxg6 23. Nf5+ Bxf5 24. exf5 Qe8 25. Rdg1 Rf4 26. Ne2 Qa4 27. Kb1 Rg4 28. Rxg4 Qxg4 29. Rg1 Qh4 30. Qa5 Nxd3 31. cxd3 Rf7 32. Qd2 Kf8 33. Qe3 Qh3 34. Ng3 Re7 35. Qf2 Qg4 1/2-1/2

[Event "Mittelrhein Regionalliga 1314"]
[Site "Mittelrhein"]
[Date "2013.10.13"]
[Round "2.8"]
[White "Reichelt, Frank"]
[Black "Koopmeiners, Karl"]
[Result "1/2-1/2"]
[WhiteElo "1946"]
[BlackElo "1976"]
[PlyCount "54"]
[EventDate "2013.09.15"]
[EventType "team-tourn"]
[EventRounds "11"]
[EventCountry "GER"]
[SourceTitle "EXT 2023"]
[Source "ChessBase"]
[SourceDate "2022.10.05"]
[SourceVersion "1"]
[SourceVersionDate "2022.10.05"]
[SourceQuality "1"]
[WhiteTeam "Koeln Ford SF"]
[BlackTeam "Godesberg III"]
[WhiteTeamCountry "GER"]
[BlackTeamCountry "GER"]

1. e4 c6 2. d4 d5 3. Nc3 dxe4 4. Nxe4 Bf5 5. Ng3 Bg6 6. Nf3 Nd7 7. h4 h6 8. h5 Bh7 9. Bd3 Bxd3 10. Qxd3 e6 11. Bf4 Qa5+ 12. Bd2 Qc7 13. 0-0-0 Ngf6 14. Kb1 0-0-0 15. Qe2 Bd6 16. Ne4 Nxe4 17. Qxe4 Nf6 18. Qe2 Bf4 19. Bxf4 Qxf4 20. Rh4 Qc7 21. Ne5 Kb8 22. Rh3 Rhf8 23. Rg3 Rg8 24. Rb3 Rd6 25. c4 Rgd8 26. Rbd3 Qe7 27. g4 Ne8 1/2-1/2

[Event "Mittelrhein Verbandsliga-M 1112"]
[Site "Germany"]
[Date "2012.04.15"]
[Round "9.3"]
[White "Reichelt, Frank"]
[Black "Bachkourinski, Grigori"]
[Result "1/2-1/2"]
[WhiteElo "1914"]
[BlackElo "2075"]
[PlyCount "39"]
[EventDate "2011.09.18"]
[EventType "team-tourn"]
[EventRounds "11"]
[EventCountry "GER"]
[SourceTitle "EXT 2013"]
[Source "ChessBase"]
[SourceDate "2012.11.22"]
[SourceVersion "1"]
[SourceVersionDate "2012.11.22"]
[SourceQuality "1"]
[WhiteTeam "Koeln Ford SF II"]
[BlackTeam "Aachen Aufwaerts III"]
[WhiteTeamCountry "GER"]
[BlackTeamCountry "GER"]

1. e4 d6 2. d4 Nf6 3. Nc3 g6 4. f3 Bg7 5. Be3 0-0 6. Qd2 c6 7. g4 Qa5 8. h4 h5 9. gxh5 Nxh5 10. Bh3 Nd7 11. Nge2 b5 12. Bxd7 Bxd7 13. Nf4 Nxf4 14. Bxf4 b4 15. Ne2 Qh5 16. Qd3 Qb5 17. Qd2 Qh5 18. Qd3 Qb5 19. Qd2 Qh5 20. Qd3 1/2-1/2

[Event "Cologne Ford op"]
[Site "Cologne"]
[Date "2010.05.31"]
[Round "6"]
[White "Hirth, Ulrich"]
[Black "Reichelt, Frank"]
[Result "1/2-1/2"]
[WhiteElo "2002"]
[BlackElo "1912"]
[PlyCount "67"]
[EventDate "2010.04.19"]
[EventType "swiss"]
[EventRounds "7"]
[EventCountry "GER"]
[SourceTitle "EXT 2011"]
[Source "ChessBase"]
[SourceDate "2010.11.26"]
[SourceVersion "1"]
[SourceVersionDate "2010.11.26"]
[SourceQuality "1"]

1. d4 Nf6 2. c4 e6 3. Nc3 d5 4. Bg5 Nbd7 5. e3 c6 6. Nf3 Be7 7. Rc1 0-0 8. cxd5 exd5 9. Bd3 Re8 10. 0-0 Nf8 11. h3 Ne6 12. Bxf6 Bxf6 13. b4 a6 14. a4 Qd6 15. b5 axb5 16. axb5 Bd7 17. bxc6 bxc6 18. Na4 Reb8 19. Nc5 Nxc5 20. dxc5 Qc7 21. Nd4 g6 22. Ra1 Ra5 23. Qc2 Rba8 24. Rxa5 Rxa5 25. Rb1 Qa7 26. Rb6 Ra1+ 27. Bf1 Bxd4 28. exd4 Kg7 29. Rb1 Bf5 30. Rxa1 Qxa1 31. Qd2 h5 32. h4 Bc8 33. Qd3 Bf5 34. Qe3 1/2-1/2

[Event "Cologne Longerich op 6th"]
[Site "Cologne"]
[Date "2009.08.23"]
[Round "3"]
[White "Reichelt, Frank"]
[Black "Margenberg, Volker"]
[Result "1/2-1/2"]
[WhiteElo "1904"]
[BlackElo "1514"]
[PlyCount "33"]
[EventDate "2009.08.21"]
[EventType "swiss"]
[EventRounds "5"]
[EventCountry "GER"]
[SourceTitle "EXT 2012"]
[Source "ChessBase"]
[SourceDate "2011.11.24"]
[SourceVersion "1"]
[SourceVersionDate "2011.11.24"]
[SourceQuality "1"]

1. e4 e6 2. Nf3 d5 3. e5 c5 4. b4 cxb4 5. d4 Nc6 6. Bd3 Bd7 7. 0-0 Nge7 8. Be3 Nf5 9. Nbd2 Be7 10. Nb3 Nxe3 11. fxe3 0-0 12. Qe1 f5 13. Qg3 Be8 14. Qh3 Bg6 15. g3 Rc8 16. Qg2 Na5 17. Nxa5 1/2-1/2

[Event "Cologne Longerich op 6th"]
[Site "Cologne"]
[Date "2009.08.21"]
[Round "1"]
[White "Reichelt, Frank"]
[Black "Gossmann, Jochen"]
[Result "1-0"]
[WhiteElo "1904"]
[BlackElo "1755"]
[PlyCount "59"]
[EventDate "2009.08.21"]
[EventType "swiss"]
[EventRounds "5"]
[EventCountry "GER"]
[SourceTitle "EXT 2012"]
[Source "ChessBase"]
[SourceDate "2011.11.24"]
[SourceVersion "1"]
[SourceVersionDate "2011.11.24"]
[SourceQuality "1"]

1. e4 e6 2. Nf3 d5 3. e5 c5 4. b4 cxb4 5. d4 Nc6 6. Bd3 Be7 7. 0-0 Bd7 8. Be3 Qc7 9. Nbd2 f5 10. Nb3 Na5 11. Nxa5 Qxa5 12. Qe2 h5 13. Bd2 Qb6 14. Rfb1 g5 15. Bxg5 Bxg5 16. Nxg5 Qxd4 17. Bb5 a6 18. Nxe6 Bxb5 19. Qxb5+ axb5 20. Nxd4 Ne7 21. Nxb5 0-0 22. Rxb4 Nc6 23. Rh4 Nxe5 24. Rxh5 Rf6 25. Nd4 Ra4 26. Nxf5 Ng4 27. f3 Rxf5 28. Rxf5 Ne3 29. Re5 Nxc2 30. Rc1 1-0

[Event "Cologne Ford op"]
[Site "Cologne"]
[Date "2009.06.15"]
[Round "7"]
[White "Lommen, Frank"]
[Black "Reichelt, Frank"]
[Result "1-0"]
[WhiteElo "1947"]
[BlackElo "1883"]
[PlyCount "117"]
[EventDate "2009.04.27"]
[EventType "swiss"]
[EventRounds "7"]
[EventCountry "GER"]
[SourceTitle "EXT 2011"]
[Source "ChessBase"]
[SourceDate "2010.11.26"]
[SourceVersion "1"]
[SourceVersionDate "2010.11.26"]
[SourceQuality "1"]

1. e4 c5 2. Nf3 d6 3. c3 Nf6 4. h3 Nc6 5. Bd3 g6 6. Bc2 Bg7 7. d4 cxd4 8. cxd4 0-0 9. Nc3 a6 10. 0-0 b5 11. Bg5 Bb7 12. Qe2 Rc8 13. Rad1 b4 14. Na4 Qc7 15. Rc1 Qa5 16. d5 Nb8 17. Be3 Nbd7 18. b3 Nc5 19. Nxc5 dxc5 20. Bd3 Nd7 21. Qc2 Bc3 22. Nd2 Qc7 23. f4 Nb6 24. Kh1 Nd7 25. Nf3 Nf6 26. Qf2 Rfd8 27. Qh4 Kg7 28. f5 Nh5 29. fxg6 hxg6 30. Ng5 Bf6 31. Rf3 Rh8 32. Qf2 Qe5 33. Qh4 Kg8 34. Kg1 Qb2 35. Rc2 Qa1+ 36. Rf1 Qe5 37. Nf3 Qg3 38. Qg4 Qxg4 39. hxg4 Ng7 40. Bxc5 a5 41. e5 Bh4 42. Be4 f5 43. exf6 Bxf6 44. g5 Bc3 45. Bb6 Nf5 46. Kf2 Nd6 47. Bxg6 Bxd5 48. Re2 e6 49. Bd3 Rh5 50. g4 Rh3 51. Kg2 Rh8 52. Kg3 Nf7 53. g6 Nd6 54. Bxa5 Rf8 55. Bc7 Ne8 56. Bf4 Bxf3 57. Rxf3 e5 58. Bc4+ Kg7 59. Bxe5+ 1-0

[Event "Cologne Ford op"]
[Site "Cologne"]
[Date "2009.05.25"]
[Round "5"]
[White "Reichelt, Frank"]
[Black "Ivic, Roman Eric"]
[Result "1-0"]
[WhiteElo "1883"]
[BlackElo "2048"]
[PlyCount "127"]
[EventDate "2009.04.27"]
[EventType "swiss"]
[EventRounds "7"]
[EventCountry "GER"]
[SourceTitle "EXT 2011"]
[Source "ChessBase"]
[SourceDate "2010.11.26"]
[SourceVersion "1"]
[SourceVersionDate "2010.11.26"]
[SourceQuality "1"]

1. e4 d5 2. exd5 Qxd5 3. Nc3 Qa5 4. d4 Nf6 5. Nf3 Bg4 6. Bb5+ c6 7. Be2 Nbd7 8. 0-0 e6 9. a3 Bd6 10. h3 h5 11. Be3 0-0-0 12. b4 Qc7 13. b5 c5 14. Qe1 b6 15. Ng5 cxd4 16. Bxd4 Bxe2 17. Nxe2 Nc5 18. a4 Nb7 19. Be3 e5 20. Ng3 Nd5 21. Bd2 Qe7 22. Qe4 Bc5 23. c4 Nc7 24. Qf5+ Kb8 25. Bc3 f6 26. N5e4 Bd4 27. Qf3 Ne6 28. Rfd1 Qc7 29. Nxh5 Nbc5 30. Nxc5 Qxc5 31. Bxd4 Nxd4 32. Qg4 f5 33. Qg5 g6 34. Ng3 Qxc4 35. a5 bxa5 36. Qf6 Rhf8 37. b6 Qe6 38. bxa7+ Ka8 39. Qg5 Kb7 40. Rdb1+ Ka8 41. Rxa5 Rd7 42. Qh6 Qf6 43. Nh5 Qd6 44. Ra6 Rh7 45. Qxh7 Qxa6 46. Qe7 Rc8 47. Rb8+ Rxb8 48. axb8Q+ Kxb8 49. Qxe5+ Kc8 50. Qxd4 gxh5 51. Qc5+ Kd8 52. Qxf5 Qa1+ 53. Kh2 Qd1 54. f4 Ke7 55. Qe5+ Kf7 56. f5 Qd7 57. Kg3 Qd3+ 58. Kh4 Qd8+ 59. f6 Qh8 60. Qe7+ Kg6 61. Qg7+ Qxg7 62. fxg7 Kxg7 63. Kxh5 Kh7 64. g4 1-0

[Event "Cologne Ford op"]
[Site "Cologne"]
[Date "2009.05.11"]
[Round "3"]
[White "Reichelt, Frank"]
[Black "Gloszeit, Christian"]
[Result "1/2-1/2"]
[WhiteElo "1883"]
[BlackElo "1756"]
[PlyCount "52"]
[EventDate "2009.04.27"]
[EventType "swiss"]
[EventRounds "7"]
[EventCountry "GER"]
[SourceTitle "EXT 2011"]
[Source "ChessBase"]
[SourceDate "2010.11.26"]
[SourceVersion "1"]
[SourceVersionDate "2010.11.26"]
[SourceQuality "1"]

1. e4 d6 2. d4 Nf6 3. Nc3 c6 4. f3 Qa5 5. Be3 Nbd7 6. Qd2 b5 7. g4 b4 8. Nce2 Nb6 9. Nc1 Na4 10. Nb3 Qb6 11. Rb1 Rb8 12. Nh3 Ba6 13. Bxa6 Qxa6 14. Qe2 Qb5 15. Nf2 e6 16. f4 Be7 17. g5 Nd7 18. h4 c5 19. dxc5 Ndxc5 20. Bd4 Qxe2+ 21. Kxe2 f6 22. Na5 Rc8 23. gxf6 gxf6 24. b3 Nb6 25. Rhc1 e5 26. Bb2 Rg8 1/2-1/2

[Event "Cologne Ford op"]
[Site "Cologne"]
[Date "2009.05.04"]
[Round "2"]
[White "Lenk, Ulrich"]
[Black "Reichelt, Frank"]
[Result "1/2-1/2"]
[WhiteElo "1667"]
[BlackElo "1883"]
[PlyCount "33"]
[EventDate "2009.04.27"]
[EventType "swiss"]
[EventRounds "7"]
[EventCountry "GER"]
[SourceTitle "EXT 2011"]
[Source "ChessBase"]
[SourceDate "2010.11.26"]
[SourceVersion "1"]
[SourceVersionDate "2010.11.26"]
[SourceQuality "1"]

1. d4 Nf6 2. Nf3 d5 3. c4 e6 4. Bg5 Nbd7 5. Nc3 c6 6. e3 Be7 7. Qc2 0-0 8. Rd1 Re8 9. h3 a6 10. a3 h6 11. Bf4 Nf8 12. c5 N8d7 13. Bd3 Nh5 14. Bh2 g5 15. Be2 Ng7 16. e4 Rf8 17. e5 1/2-1/2

[Event "Cologne Ford op"]
[Site "Cologne"]
[Date "2009.04.27"]
[Round "1"]
[White "Reichelt, Frank"]
[Black "Zimmermann, Ruth"]
[Result "1-0"]
[WhiteElo "1883"]
[BlackElo "1464"]
[PlyCount "45"]
[EventDate "2009.04.27"]
[EventType "swiss"]
[EventRounds "7"]
[EventCountry "GER"]
[SourceTitle "EXT 2011"]
[Source "ChessBase"]
[SourceDate "2010.11.26"]
[SourceVersion "1"]
[SourceVersionDate "2010.11.26"]
[SourceQuality "1"]

1. e4 e6 2. Nf3 d5 3. e5 c5 4. b4 c4 5. c3 Bd7 6. d3 Nc6 7. dxc4 dxc4 8. Bxc4 Qc7 9. Qe2 Rc8 10. Nbd2 Nh6 11. 0-0 Be7 12. Bb2 0-0 13. Bd3 f6 14. exf6 Bxf6 15. Ne4 Ng4 16. Nxf6+ Nxf6 17. b5 Na5 18. Ne5 Nd5 19. g3 Nf6 20. Rad1 Be8 21. c4 Bh5 22. g4 Be8 23. Ba3 1-0